| 000 | 00965cab a2200277 4500 | ||
|---|---|---|---|
| 001 | ABS52951 | ||
| 008 | 090401t1995 xxu||||| |||| 00| 0 eng d | ||
| 035 | _a(Sirsi) u1058 | ||
| 041 | _aeng | ||
| 100 | _aKenny, P.H. | ||
| 245 | 4 | _aThe way ahead on covenants | |
| 260 | _c1995 | ||
| 350 | _a0 | ||
| 490 |
_aLaw Society`s Gazette _v(92)19 17 May 1995, 20-21(2) |
||
| 520 | _aExamines changes to the law on implied covenants for title in conveyancing, to be introduced on 1 July 1995 by the Law of Property (Miscellaneous Provisions) Act 1994. | ||
| 650 | _aBENEFICIAL OWNERS | ||
| 650 | _aHOUSING ACT 1985 | ||
| 650 | _aIMPLIED COVENANTS | ||
| 650 | _aLAW OF PROPERTY (JOINT TENANTS) ACT 1964 | ||
| 650 | _aLAW OF PROPERTY (MISCELLANEOUS PROVISIONS) ACT 1994 | ||
| 650 | _aLEASEHOLD REFORM ACT 1967 | ||
| 650 | _aLEASEHOLD REFORM, HOUSING AND URBAN DEVELOPMENT ACT 1993 | ||
| 690 | _aPROPERTY LAW AND PRACTICE | ||
| 942 | _n0 | ||
| 948 | _c04/03/1997 | ||
| 999 |
_c582 _d582 |
||